Sports Quiz

Random Sports or NCAA Quiz

College Sports Logos II Quiz Stats

 Plays Quiz Updated Dec 11, 2017

Challenge
Share
Tweet
Score 0/25 Timer 04:00
24 Plays Today
College % Correct
Florida
96.3%
Kentucky
95.8%
Duke
94.6%
Syracuse
92%
Oregon
92%
Tennessee
91.6%
Michigan State
91.3%
Indiana
91%
USC
89.7%
Virginia
89.2%
Texas Tech
88.6%
Boise State
87.7%
Alabama
85.6%
College % Correct
Georgia Tech
83.9%
Memphis
80.6%
Houston
76.8%
Missouri
76.2%
TCU
73.3%
Navy
65.5%
Rice
64.8%
Akron
57.4%
Central Michigan
56.3%
UCF
55.5%
New Mexico State
53.2%
Ohio
47.7%

You're not logged in!

Compare scores with friends on all Sporcle quizzes.
Join for Free
OR
Log In

You Might Also Like...

Show Comments

Extras

Top Quizzes Today


Score Distribution

Your Account Isn't Verified!

In order to create a playlist on Sporcle, you need to verify the email address you used during registration. Go to your Sporcle Settings to finish the process.

Report this User

Report this user for behavior that violates our Community Guidelines.

Details: